000 00931nam a2200229Ia 4500
003 IN-BaIIA
008 211028s9999 xx 000 0 eng d
040 _cIIA Library
080 _a063:53
_bENF-32
111 _aConference of International School of Physics "Enrico Fermi"
_cItaly
_d1964 June 15-20
_94930
245 0 _aWeak interactions and high-energy neutrino physics
_bvol. 32, proceedings of the International School of Physics "Enrico Fermi" held in Varenna on Lake Como, Villa Monastero, June 15-20, 1964
_cedited by T. D. Lee
260 _aNew York
_bAcademic Press
_c1966
300 _axi, 334p.
650 _aHigh Energy Physics
_92205
650 _aNASA Thesaurus
650 _aNeutrinos
_91923
650 _aNuclear Physics
_91527
650 _aParticle Physics
_91847
700 _aLee, T. D., ed.
_94931
710 _aItalian Physical Society
_94932
942 _cBK
999 _c2756
_d2756